03067cam a22003495i 4500999001700000001000900017003000900026005001700035008004100052020002300093020001800116040003800134082002000172245011200192264004400304300002300348336002600371337002800397338002700425504005100452520164100503650002402144650002602168653003402194655001702228700002602245856009602271856007602367856008802443942001202531952017402543 c27933d2790412707010EG-ScBUE20191221143843.0020315s2003 enk f b 001 0 eng d a1842770322 (cased) a9781842770337 aDLCbengerdacDLCdDLCdEG-ScBUE04a303.64bFUT22204aThe future of revolutions :brethinking radical change in the age of globalization /cedited by John Foran. 1aLondon ;aNew York :bZed Books,c2003. a346 pages ;c24 cm atextbtxt2rdacontent aunmediatedbn2rdamedia avolumebnc2rdacarrier aIncludes bibliographical references and index. aThe 20th Century was pre-eminently an age of revolutions - in Russia, China, Cuba, and numerous other countries - that fundamentally transformed the nature of politics and social arrangements. As we enter a new century, has it got harder for revolutions to occur in a world of far-flung corporations and commodity chains, global cultural forms, instantaneous communication, and (with the collapse of the Soviet bloc) a new unipolar world? In the current post-Cold War conjuncture, increasingly characterised by the contested phenomenon of globalization, the following questions arise: Is the era of revolution over? If so, why? And if not, what might the revolutions of the future look like? In this volume, a number of eminent historians, sociologists and political scientists who have spent their lives studying revolutionary processes reflect on and debate these questions. The face of transformative politics in the future and the directions of social change rest in large measure on the answers. The approach in this volume is both future-oriented and boldly speculative, as well as past- and present-oriented and analytic. A range of recent cases are taken up, from the intensely backward-looking movement of the Taliban in Afghanistan to the magical revolution in progress in Chiapas. This volume constitutes a state of the art assessment of the conditioning factors shaping the incidence and forms of radical political change in the era of globalization. A unique feature is the inclusion of thematic discussions by the participants on the nature of globalization, political agency and upcoming visions of revolutionary futures. 7aRevolutions.2BUEsh 7aGlobalization.2BUEsh bBUSBOLbMASPPSScDecember2019 vReading book1 aForan, John,eeditor.423Contributor biographical informationuhttp://www.loc.gov/catdir/bios/hol051/2002023479.html413Table of contentsuhttp://www.loc.gov/catdir/toc/hol031/2002023479.html423Publisher descriptionuhttp://www.loc.gov/catdir/description/hol031/2002023479.html 2ddccBB 00102ddc40708BaccahaMAINbMAINc1STd2019-12-21ePurchaseg710.00l1m17o303.64 FUTp000048456q2022-05-28r2022-02-10 00:00:00s2022-02-10v887.50w2019-12-21yBB